000 00344 a2200109 4500
001 ART_40288
005 20260410161740.0
008 260409a
245 1 0 _aSolo los sindicatos reconocidos por el Estado pueden declarar la huelga
100 1 _aSlavin, Luis P.
773 0 _tDoctrina laboral
_g- NÂș 373 (sep. 2016)
_wREV4049
999 _c18691
_d18691